| 000 | 00679nam a2200205 a 4500 | ||
|---|---|---|---|
| 005 | 20210223131808.0 | ||
| 008 | 120809s2009 mx r 000 0 spa d | ||
| 020 | _a9789872491406 | ||
| 035 | _aUPN01000186042 | ||
| 049 | _aI | ||
| 050 | 4 |
_aND339 Q4.6 _bG7.6 |
|
| 100 | 1 |
_aGrau, Didi _932732 |
|
| 245 | 1 | 0 |
_aQuinquela, el pintor de la boca : _bel mundo de Quinquela Martín para niños / _cDidi Grau ; il. Paula Adamo. |
| 260 |
_aBuenos Aires : _bCalibroscopio, _cc2009. |
||
| 300 |
_a[32] p. : _bil. col. |
||
| 440 | 0 | _aPinta tu aldea | |
| 600 | 1 | 4 |
_aQUINQUELA MARTIN, BENITO, _d1890- - _vLITERATURA INFANTIL _921342 |
| 650 | 4 |
_aPINTORES ARGENTINOS _921341 |
|
| 905 | _aInfantil | ||
| 999 |
_c158145 _d158145 |
||